• 首页
  • 本馆介绍
  • 公告通知
  • 最新文献
  • 馆藏检索
  • 电子资源
  • 读者导购
  • 参考咨询
  • 我的图书馆
  • 登录
  • 详细信息显示
  • 放入我的书架
  • 预约/预借图书
  • 作者相关作品
  • 分类相关作品
  • 丛书相关作品
  • 出版社相关作品

书目信息

  • 表格格式
  • 工作单格式
  • 卡片格式
题名:
马拉松科学跑系列之100问
    
 
作者: 刘剑虹 主编
分册:  
出版信息: 广州   华南理工大学出版社  2020.11
页数: 85页
开本: 21cm
丛书名:
单 册:
中图分类: G822.82
科图分类:
主题词: 马拉松跑--运动训练--基本知识
电子资源:
ISBN: 978-7-5623-6125-1
000 00908nam0 2200229 450
001 012001000150
005 20141201105121.0
010    @a978-7-5623-6125-1@dCNY22.80
100    @a20220905d2019 em y0chiy50 ea
101 0  @achi
102    @aCN@b440000
105    @aa z 000yy
106    @ar
200 1  @a马拉松科学跑系列之100问@Ama la song ke xue pao xi lie zhi 100 wen@f刘剑虹主编
210    @a广州@c华南理工大学出版社@d2020.11
215    @a85页@c彩图@d21cm
330    @a本书以问答的形式对涉及广马的100个问题进行解答,内容包括马拉松历史知识,装备与准备,正确跑步姿势,科学训练(静态、动态拉伸和体能训练),制订训练计划,马拉松训练膳食营养和体液补充,心理调整和比赛策略技巧,运动损伤预防与治疗,赛后消除疲劳和伤病的方法。
606 0  @a马拉松跑@x运动训练@x基本知识
690    @aG822.82@v5
701  0 @a刘剑虹@Aliu jian hong@4主编
801  0 @aCN@bAHXH@c20221111
905    @b1368825-9@dG822.82@e204@f5
    
    马拉松科学跑系列之100问/刘剑虹主编.-广州:华南理工大学出版社,2020.11
    85页:彩图;21cm
    
    
    ISBN 978-7-5623-6125-1:CNY22.80
    本书以问答的形式对涉及广马的100个问题进行解答,内容包括马拉松历史知识,装备与准备,正确跑步姿势,科学训练(静态、动态拉伸和体能训练),制订训练计划,马拉松训练膳食营养和体液补充,心理调整和比赛策略技巧,运动损伤预防与治疗,赛后消除疲劳和伤病的方法。
●
相关链接 在E读中查询图书 在五车中查询图书 在当当中查询图书 在豆瓣中查询图书


正题名:马拉松科学跑系列之100问     索取号:G822.82/204         预约/预借

序号 登录号 条形码 馆藏地/架位号 状态 备注
1 1368825   213688259   第一样本阅览室/ [索取号:G822.82/204] 在馆    
2 1368826   213688268   教育系资料室/ [索取号:G822.82/204] 在馆    
3 1368827   213688277   教育系资料室/ [索取号:G822.82/204] 在馆    
4 1368828   213688286   第四借阅区/ [索取号:G822.82/204] 在馆    
5 1368829   213688295   第四借阅区/ [索取号:G822.82/204] 在馆    
唐山师范学院图书馆 欢迎您!
大连网信软件有限公司© 版权所有